书目信息 |
| 题名: |
中国高校战略成本管理研究
|
|
| 作者: | 马发生 著 | |
| 分册: | ||
| 出版信息: | 武汉 武汉大学出版社 2010 |
|
| 页数: | 299页 | |
| 开本: | 24cm | |
| 丛书名: | ||
| 单 册: | ||
| 中图分类: | G647.5 | |
| 科图分类: | ||
| 主题词: | 高等学校--成本管理--研究--中国 , 高等学校 , 成本管理 | |
| 电子资源: | ||
| ISBN: | 978-7-307-07601-3 | |
| 000 | 01070nam0 2200265 450 | |
| 001 | 2344224154 | |
| 005 | 20231209121803.42 | |
| 010 | @a978-7-307-07601-3@dCNY 25.00 | |
| 100 | @a20100924d2010 em y0chiy0110 ea | |
| 101 | 0 | @achi |
| 102 | @aCN@b420000 | |
| 105 | @ay z 000yy | |
| 200 | 1 | @a中国高校战略成本管理研究@Azhong guo gao xiao zhan lue cheng ben guan li yan jiu@dThe research on strategic cost management of Chinese universities@f马发生著@zeng |
| 210 | @a武汉@c武汉大学出版社@d2010 | |
| 215 | @a299页@d24cm | |
| 300 | @a湖北省教育厅人文社会科学研究项目资助出版(项目编号:2008d160) | |
| 330 | @a本书内容包括:中国高校战略成本管理的理论基础、中国高校战略成本管理的分析工具、中国高校战略成本管理的实施过程、中国高校战略成本管理的绩效评价共7章。 | |
| 510 | 1 | @aResearch on strategic cost management of Chinese universities@zeng |
| 606 | 0 | @a高等学校@x成本管理@x研究@y中国 |
| 606 | 0 | @a高等学校 |
| 606 | 0 | @a成本管理 |
| 690 | @aG647.5@v5 | |
| 701 | 0 | @a马发生@Ama fa sheng@f(1964~)@4著 |
| 801 | 2 | @aCN@b辽宁北配@c20231205 |
| 905 | @aBZT@dG647.5@e7 | |
| 中国高校战略成本管理研究=The research on strategic cost management of Chinese universities/马发生著.-武汉:武汉大学出版社,2010 |
| 299页;24cm |
| 湖北省教育厅人文社会科学研究项目资助出版(项目编号:2008d160) |
| ISBN 978-7-307-07601-3:CNY 25.00 |
| 本书内容包括:中国高校战略成本管理的理论基础、中国高校战略成本管理的分析工具、中国高校战略成本管理的实施过程、中国高校战略成本管理的绩效评价共7章。 |
| ● |
| 相关链接 |
|
|
|
正题名:中国高校战略成本管理研究
索取号:G647.5/7
 
预约/预借
| 序号 | 登录号 | 条形码 | 馆藏地/架位号 | 状态 | 备注 |
| 1 | 2001562983 | 2001562983 | 辽三/辽宁北配(第三批)/1414/ [索取号:G647.5/7] | 在馆 | |
| 2 | 2001562984 | 2001562984 | 辽三/辽宁北配(第三批)/1414/ [索取号:G647.5/7] | 在馆 | |
| 3 | 2001562985 | 2001562985 | 辽三/辽宁北配(第三批)/1414/ [索取号:G647.5/7] | 在馆 | |
| 4 | 2001562986 | 2001562986 | 辽三/辽宁北配(第三批)/1414/ [索取号:G647.5/7] | 在馆 | |
| 5 | 2001562987 | 2001562987 | 辽三/辽宁北配(第三批)/1414/ [索取号:G647.5/7] | 在馆 | |
| 6 | 2001562988 | 2001562988 | 辽三/辽宁北配(第三批)/1414/ [索取号:G647.5/7] | 在馆 | |
| 7 | 2001562989 | 2001562989 | 辽三/辽宁北配(第三批)/1414/ [索取号:G647.5/7] | 在馆 | |
| 8 | 2001562990 | 2001562990 | 辽三/辽宁北配(第三批)/1414/ [索取号:G647.5/7] | 在馆 | |
| 9 | 2001562991 | 2001562991 | 辽三/辽宁北配(第三批)/1414/ [索取号:G647.5/7] | 在馆 | |
| 10 | 2001562992 | 2001562992 | 辽三/辽宁北配(第三批)/1414/ [索取号:G647.5/7] | 在馆 | |
| 11 | 2001562993 | 2001562993 | 辽三/辽宁北配(第三批)/1414/ [索取号:G647.5/7] | 在馆 | |
| 12 | 2001562994 | 2001562994 | 辽三/辽宁北配(第三批)/1414/ [索取号:G647.5/7] | 在馆 | |
| 13 | 2001562995 | 2001562995 | 辽三/辽宁北配(第三批)/1414/ [索取号:G647.5/7] | 在馆 | |
| 14 | 2001562996 | 2001562996 | 辽三/辽宁北配(第三批)/1414/ [索取号:G647.5/7] | 在馆 | |
| 15 | 2001562997 | 2001562997 | 辽三/辽宁北配(第三批)/1414/ [索取号:G647.5/7] | 在馆 | |
| 16 | 2001562998 | 2001562998 | 辽三/辽宁北配(第三批)/1414/ [索取号:G647.5/7] | 在馆 | |
| 17 | 2001562999 | 2001562999 | 辽三/辽宁北配(第三批)/1414/ [索取号:G647.5/7] | 在馆 | |
| 18 | 2001563000 | 2001563000 | 辽三/辽宁北配(第三批)/1414/ [索取号:G647.5/7] | 在馆 | |
| 19 | 2001563001 | 2001563001 | 辽三/辽宁北配(第三批)/1414/ [索取号:G647.5/7] | 在馆 | |
| 20 | 2001563002 | 2001563002 | 辽三/辽宁北配(第三批)/1414/ [索取号:G647.5/7] | 在馆 | |
| 21 | 2001563003 | 2001563003 | 辽三/辽宁北配(第三批)/1414/ [索取号:G647.5/7] | 在馆 | |
| 22 | 2001563004 | 2001563004 | 辽三/辽宁北配(第三批)/1414/ [索取号:G647.5/7] | 在馆 | |
| 23 | 2001563005 | 2001563005 | 辽三/辽宁北配(第三批)/1414/ [索取号:G647.5/7] | 在馆 | |
| 24 | 2001563006 | 2001563006 | 辽三/辽宁北配(第三批)/1414/ [索取号:G647.5/7] | 在馆 | |
| 25 | 2001563007 | 2001563007 | 辽三/辽宁北配(第三批)/1414/ [索取号:G647.5/7] | 在馆 | |
| 26 | 2001563008 | 2001563008 | 辽三/辽宁北配(第三批)/1414/ [索取号:G647.5/7] | 在馆 | |
| 27 | 2001563009 | 2001563009 | 辽三/辽宁北配(第三批)/1414/ [索取号:G647.5/7] | 在馆 | |
| 28 | 2001563010 | 2001563010 | 辽三/辽宁北配(第三批)/1414/ [索取号:G647.5/7] | 在馆 | |
| 29 | 2001563011 | 2001563011 | 辽三/辽宁北配(第三批)/1414/ [索取号:G647.5/7] | 在馆 | |
| 30 | 2001563012 | 2001563012 | 辽三/辽宁北配(第三批)/1414/ [索取号:G647.5/7] | 在馆 |